| 000 | 00942nam a2200229 a 4500 | ||
|---|---|---|---|
| 001 | 39035 | ||
| 003 | BD-RjUL | ||
| 005 | 20211209052913.0 | ||
| 008 | 160404b2010 bg ||||e |||| 00| 0 ben d | ||
| 035 | _a(BD-RjUL)39146 | ||
| 040 |
_aBD-RjUL _bben _cBD-RjUL |
||
| 041 | _aben | ||
| 082 |
_223 _a891.4409 _bRES 2010 |
||
| 100 |
_aরেজা, তারেক _9120499 |
||
| 245 | 1 | 0 |
_aসুভাষ মুখোপাধ্যায় : _bকবিমানস ও শিল্পরীতি / _cতারেক রেজা |
| 260 |
_aঢাকা : _bবাংলা একাডেমী, _c২০১০ |
||
| 300 |
_a[১০], ২৩৯ পৃ. ; _c২১ সেমি. |
||
| 504 | _aগ্রন্থপঞ্জি সংযুক্ত | ||
| 650 |
_aবাংলা সাহিত্য _xইতিহাস ও সমালোচনা _9118060 |
||
| 650 |
_aBengali Literature _xHistory & Criticism _9120485 |
||
| 942 |
_2ddc _cBK _05 |
||
| 999 |
_c39035 _d39035 |
||